Welcome to CU Library Online Public Access Catalogue (OPAC)

Human anatomy and physiology / (Record no. 2271)

MARC details
000 -LEADER
fixed length control field 00578cam a2200205 a 4500
001 - CONTROL NUMBER
control field 4364211
005 - DATE AND TIME OF LATEST TRANSACTION
control field 20241215141028.0
008 - FIXED-LENGTH DATA ELEMENTS--GENERAL INFORMATION
fixed length control field 900426s1992 iaua b 001 0 eng
020 ## - INTERNATIONAL STANDARD BOOK NUMBER
International Standard Book Number 9780697121349
050 00 - LIBRARY OF CONGRESS CALL NUMBER
Classification number QP34.5
Item number .C73 1992
082 00 - DEWEY DECIMAL CLASSIFICATION NUMBER
Classification number 612
Edition information 20
100 1# - MAIN ENTRY--PERSONAL NAME
Personal name Creager, Joan G.
245 10 - TITLE STATEMENT
Title Human anatomy and physiology /
Statement of responsibility, etc. Joan G. Creager.
250 ## - EDITION STATEMENT
Edition statement 2nd ed.
260 ## - PUBLICATION, DISTRIBUTION, ETC.
Place of publication, distribution, etc. Dubuque, IA :
Name of publisher, distributor, etc. Wm. C. Brown,
Date of publication, distribution, etc. c1992.
300 ## - PHYSICAL DESCRIPTION
Extent xvi, 944 p. :
Other physical details ill. (some col.) ;
Dimensions 29 cm.
650 #0 - SUBJECT ADDED ENTRY--TOPICAL TERM
Topical term or geographic name entry element Human physiology.
650 #0 - SUBJECT ADDED ENTRY--TOPICAL TERM
Topical term or geographic name entry element Human anatomy.
942 ## - ADDED ENTRY ELEMENTS (KOHA)
Source of classification or shelving scheme Library of Congress Classification
Koha item type Books
Edition 2nd ed.
Suppress in OPAC No
999 ## -
-- 2271
-- 2271
Holdings
Withdrawn status Lost status Source of classification or shelving scheme Damaged status Not for loan Collection Home library Current library Shelving location Date acquired Total checkouts Full call number Barcode Date last seen Copy number Price effective from Koha item type
    Library of Congress Classification     Non-fiction Science Library (Miotso) Science Library (Miotso) General stacks 12/15/2024   QP34.5 .C73 CRE SLM00001554 12/15/2024 1 12/15/2024 Books
    Library of Congress Classification     Non-fiction Science Library (Miotso) Science Library (Miotso) General stacks 12/15/2024   QP34.5 .C73 CRE SLM00001555 12/15/2024 2 12/15/2024 Books
    Library of Congress Classification     Non-fiction Science Library (Miotso) Science Library (Miotso) General stacks 12/15/2024   QP34.5 .C73 CRE SLM00001556 12/15/2024 3 12/15/2024 Books
    Library of Congress Classification     Non-fiction Science Library (Miotso) Science Library (Miotso) General stacks 12/15/2024   QP34.5 .C73 CRE SLM00001557 12/15/2024 4 12/15/2024 Books
© 2023-2024 Copyright: Central University Libraries. All Rights Reserved | Created by: Mahone Tech Office